000 00315nam a22001457a 4500
008 230907b ||||| |||| 00| 0 eng d
020 _a9780062509802
041 _aeng
080 _a101
082 _a101WOL
100 _a44
101 _aFILO
245 _aTAKING THE QUANTUM LEAP
_cWOLF.A.F
942 _2udc
_cBK
999 _c60272
_d60272